Gayest Cities in America (100k+ population) - Statistics

General Stats
  • This quiz has been taken 565 times
  • The average score is 7 of 15
Answer Stats
Hint Answer % Correct
6 Los Angeles, CA
89%
1 San Francisco, CA
82%
9 Chicago, IL
71%
7 San Diego, CA
63%
4 Portland, OR
62%
3 Las Vegas, NV
52%
5 Denver, CO
44%
11 San Jose, CA
42%
8 Sacramento, CA
41%
10 New Orleans, LA
32%
14 Baltimore, MD
30%
13 Pittsburgh, PA
23%
15 Milwaukee, WI
21%
2 Hartford, CT
10%
12 Richmond, VA
10%
No matching quizzes found
Score Distribution
Percent of People with Each Score
Percentile by Number Answered
Your Score History
You have not taken this quiz